[Event "World Rapid 2021"]
[Site "Warsaw POL"]
[Date "2021.12.27"]
[Round "7.51"]
[White "Vastrukhin, Oleg"]
[Black "Vokhidov, Shamsiddin"]
[Result "1-0"]
[WhiteTitle "IM"]
[BlackTitle "GM"]
[WhiteElo "2376"]
[BlackElo "2536"]
[WhiteFideId "4192770"]
[BlackFideId "14204223"]
[EventDate "2021.12.26"]

1. Nf3 d5 2. g3 Nd7 3. d4 Nb6 4. b3 Bf5 5. a4 e6 6. a5 Nd7 7. a6 b5 8. Bg2 Ngf6
9. O-O Be7 10. Nbd2 Ne4 11. c4 c6 12. Nxe4 Bxe4 13. Bf4 O-O 14. Ne5 Nxe5 15.
Bxe4 Nxc4 16. Bb1 Nd6 17. Qd3 g6 18. h4 Rc8 19. h5 Ne4 20. Kg2 Bg5 21. Qe3 Bxf4
22. Qxf4 Nf6 23. Rh1 Qe7 24. Qg5 Rc7 25. Bd3 Rfc8 26. Rh4 Ne8 27. Qh6 Qf6 28.
Rah1 Qg7 29. hxg6 fxg6 30. Qe3 Nf6 31. Qxe6+ Qf7 32. Qxf7+ Kxf7 33. Rc1 h5 34.
Rhh1 Rb8 35. Rc2 Rb6 36. Rhc1 g5 37. Rc5 Ke6 38. Rxb5 Rxb5 39. Bxb5 Kd6 40. Bd3
Rc8 41. f3 Re8 42. Re1 g4 43. Kf2 Rb8 44. e4 dxe4 45. fxe4 Rxb3 46. e5+ Kd5 47.
exf6 Rxd3 48. Re5+ Kd6 49. Rxh5 Rf3+ 50. Kg2 Rxf6 51. Rh7 Rf3 52. Rxa7 Ra3 53.
Ra8 Ra2+ 54. Kf1 Kc7 55. a7 Kb7 56. Rg8 Kxa7 57. Rxg4 Kb6 58. Rf4 Kb5 59. g4 Kc4
60. g5 Kd5 61. g6 Ra8 62. Ke2 Rg8 63. Rg4 Ke6 64. g7 Kf5 65. Rg3 Ke4 66. Rg4+
Kf5 67. Kf3 Kf6 68. Kf4 Ke6 69. Rg6+ Kf7 1-0

[Event "World Rapid 2021"]
[Site "Warsaw POL"]
[Date "2021.12.27"]
[Round "7.68"]
[White "Halkias, Stelios"]
[Black "Nevednichy, Vladislav"]
[Result "1-0"]
[WhiteTitle "GM"]
[BlackTitle "GM"]
[WhiteElo "2527"]
[BlackElo "2498"]
[WhiteFideId "4201809"]
[BlackFideId "1205730"]
[EventDate "2021.12.26"]

1. Nf3 Nf6 2. c4 d6 3. Nc3 g6 4. g3 Bg7 5. Bg2 O-O 6. d4 c6 7. O-O Bf5 8. Re1
Ne4 9. Qb3 Nxc3 10. bxc3 Bc8 11. e4 Nd7 12. Bg5 h6 13. Bf4 e5 14. Be3 c5 15. a4
Qc7 16. a5 Rb8 17. dxe5 dxe5 18. Red1 b6 19. Qb5 Re8 20. axb6 axb6 21. Rab1 Rb7
22. h3 Nf6 23. Nd2 Bd7 24. Qb3 1-0

[Event "World Rapid 2021"]
[Site "Warsaw POL"]
[Date "2021.12.27"]
[Round "7.77"]
[White "Aziz, Husain"]
[Black "Tologontegin, Semetey"]
[Result "1-0"]
[WhiteTitle "IM"]
[BlackTitle "IM"]
[WhiteElo "2357"]
[BlackElo "2381"]
[WhiteFideId "12100293"]
[BlackFideId "13800574"]
[EventDate "2021.12.26"]

1. e4 c5 2. Nf3 d6 3. Bb5+ Nd7 4. d4 cxd4 5. Qxd4 a6 6. Bxd7+ Bxd7 7. Nc3 e5 8.
Qd3 h6 9. O-O Rc8 10. Rd1 Nf6 11. a4 Be7 12. Nd2 Qc7 13. Nf1 O-O 14. Ne3 Be6 15.
Qe2 Qc6 16. Qf3 Bd8 17. a5 Qc5 18. Nf5 Bxf5 19. Qxf5 Rc6 20. Ra4 b5 21. axb6
Qxb6 22. Ra3 Qc7 23. Qf3 Qc8 24. h3 Kh7 25. Bd2 Bb6 26. Na4 Ba7 27. Rd3 Rc4 28.
b3 Rxe4 29. Rxd6 Rd4 30. Rxd4 Bxd4 31. c3 e4 32. Qe2 Ba7 33. c4 Qb7 34. b4 Qc6
35. Ra1 Bd4 36. Bc3 Bxc3 37. Nxc3 Rb8 38. Ra4 Re8 39. c5 Re6 40. Ra2 Qb7 41. Qc4
g6 42. Qd4 h5 43. Re2 Qc6 44. Re3 Qb7 45. f3 Qc6 46. Nxe4 Nxe4 47. Rxe4 Rxe4 48.
fxe4 Qa4 49. Kh2 Qc2 50. Qd5 Qf2 51. Qd6 Qc2 52. c6 Qxe4 53. c7 Qf5 54. Qc5 Qc8
55. Kg1 h4 56. Kf2 g5 57. Qxg5 Qxc7 58. Qxh4+ Kg6 59. Qg3+ Qxg3+ 60. Kxg3 Kf5
61. Kf3 Kg5 62. g3 Kf5 63. h4 f6 64. g4+ Ke5 65. h5 f5 66. g5 1-0

[Event "World Rapid 2021"]
[Site "Warsaw POL"]
[Date "2021.12.27"]
[Round "7.83"]
[White "Yunusov, Mukhammad"]
[Black "Thybo, Jesper Sondergaard"]
[Result "0-1"]
[BlackTitle "GM"]
[WhiteElo "1874"]
[BlackElo "2590"]
[WhiteFideId "14700930"]
[BlackFideId "1438832"]
[EventDate "2021.12.26"]

1. d4 Nf6 2. Nf3 g6 3. Nc3 d5 4. Bf4 Bg7 5. Qd2 Ne4 6. Nxe4 dxe4 7. Ne5 c5 8.
dxc5 Qxd2+ 9. Kxd2 O-O 10. e3 Rd8+ 11. Ke1 f6 12. Nc4 Na6 13. Rd1 Be6 14. Na3
Nxc5 15. Rxd8+ Rxd8 16. Bc4 f5 17. Bxe6+ Nxe6 18. c3 g5 19. Bg3 f4 20. exf4 gxf4
21. Bh4 f3 22. gxf3 exf3 23. Rg1 0-1

[Event "World Rapid 2021"]
[Site "Warsaw POL"]
[Date "2021.12.27"]
[Round "8.43"]
[White "Nihal, Sarin"]
[Black "Demchenko, Anton"]
[Result "1/2-1/2"]
[WhiteTitle "GM"]
[BlackTitle "GM"]
[WhiteElo "2662"]
[BlackElo "2654"]
[WhiteFideId "25092340"]
[BlackFideId "4160258"]
[EventDate "2021.12.26"]

1. d4 d5 2. Nf3 Nf6 3. c3 e6 4. Bg5 Be7 5. Nbd2 b6 6. e3 Bb7 7. Bd3 Nbd7 8. O-O
O-O 9. a4 a5 10. Qb1 h6 11. Bh4 Nh5 12. Bxe7 Qxe7 13. b4 e5 14. dxe5 Nxe5 15.
Nxe5 Qxe5 16. Nf3 Qxc3 17. Rc1 Qxb4 18. Rxc7 Ba6 19. Bxa6 Rxa6 20. Qd3 Raa8 21.
Qxd5 Nf6 22. Qc4 Qxc4 23. Rxc4 Rfc8 24. Rac1 Rxc4 25. Rxc4 Nd7 26. Kf1 Nc5 27.
Ke2 Kf8 28. Nd2 Ke7 29. Ne4 Nxe4 30. Rxe4+ Kd6 31. Kd3 Rc8 32. Rd4+ Ke6 33. Re4+
Kd6 34. Rd4+ Ke6 35. Rc4 Rd8+ 36. Ke2 Rb8 37. Kd3 b5 38. Rc6+ Kd7 39. axb5 Rxb5
40. Ra6 Rb2 41. Ra7+ Ke6 42. Ra6+ Ke7 43. Ra7+ Kf6 44. Ra6+ Ke7 45. Ra7+ Kf6 46.
Ra6+ Ke7 47. Ra7+ Kf6 48. Ra6+ 1/2-1/2

[Event "World Rapid 2021"]
[Site "Warsaw POL"]
[Date "2021.12.27"]
[Round "8.46"]
[White "Quparadze, Giga"]
[Black "Petrosyan, Manuel"]
[Result "1/2-1/2"]
[WhiteTitle "GM"]
[BlackTitle "GM"]
[WhiteElo "2477"]
[BlackElo "2620"]
[WhiteFideId "13602250"]
[BlackFideId "13300857"]
[EventDate "2021.12.26"]

1. e4 e5 2. Nf3 Nc6 3. Bb5 a6 4. Ba4 Nf6 5. Qe2 b5 6. Bb3 Bc5 7. c3 O-O 8. d3 h6
9. O-O Re8 10. Nh4 d5 11. exd5 Nxd5 12. Qf3 Be6 13. Nf5 Bf8 14. Nd2 g6 15. Ne3
Nxe3 16. fxe3 Qd7 17. Ne4 Be7 18. d4 Bxb3 19. axb3 f5 20. Nf2 e4 21. Qh3 Bg5 22.
g4 Kh7 23. gxf5 gxf5 24. Nh1 Rg8 25. Ng3 Ne7 26. Bd2 Qe6 27. Ra3 Raf8 28. Kh1
Ng6 29. c4 bxc4 30. bxc4 Qxc4 31. Rc3 Qf7 32. Rc5 Nh4 33. Nxe4 Be7 34. Rxc7 Rg7
35. Nc3 Rfg8 36. Be1 Ng2 37. Rc6 Rg6 38. Rxg6 Rxg6 39. Rg1 Nxe1 40. Rxe1 Bb4 41.
Rf1 Qb7+ 42. Qf3 Qxf3+ 43. Rxf3 Bxc3 44. bxc3 Rc6 45. Rxf5 Rxc3 46. Re5 Rc2 47.
Kg1 Ra2 48. h4 Kg6 49. h5+ Kf6 50. Kf1 a5 51. Ke1 a4 52. Ra5 a3 53. Kd1 Ra1+ 54.
Kc2 a2 55. e4 Ke6 56. Ra6+ Ke7 57. e5 Ke8 58. Ra5 Kd7 59. Ra4 Kc6 60. e6 Kd5 61.
e7 Re1 62. Kd3 Rxe7 63. Rxa2 Rg7 64. Ra5+ Kd6 65. Kc4 Rc7+ 66. Rc5 Ra7 67. Rf5
Ra4+ 68. Kc3 Ra3+ 69. Kc4 Ra4+ 70. Kd3 Ra1 71. Rb5 Rh1 72. Ra5 Rh2 73. Kc4 Rc2+
74. Kb3 Rh2 75. Kc3 Rh1 76. Kd3 Rh2 77. Ke3 Rh3+ 78. Ke4 Rh4+ 79. Kd3 Rh2 1/2-1/2

[Event "World Rapid 2021"]
[Site "Warsaw POL"]
[Date "2021.12.27"]
[Round "8.49"]
[White "Shoker, Samy"]
[Black "Babazada, Khazar"]
[Result "0-1"]
[WhiteTitle "GM"]
[BlackTitle "FM"]
[WhiteElo "2504"]
[BlackElo "2429"]
[WhiteFideId "627143"]
[BlackFideId "13413554"]
[EventDate "2021.12.26"]

1. Nf3 g6 2. g3 Bg7 3. Bg2 d6 4. c4 Nc6 5. Nc3 Bd7 6. Rb1 Nf6 7. b4 Qc8 8. h3 e5
9. d3 O-O 10. b5 Nd8 11. a4 a6 12. h4 axb5 13. axb5 Re8 14. Nd2 Ne6 15. Bb2 Nd4
16. e3 Ne6 17. Nb3 h5 18. Ra1 Rb8 19. Ba3 Qd8 20. Qc2 Ng4 21. Ra2 f5 22. Nd5 c6
23. Bxd6 cxd5 24. Bxb8 Qxb8 25. cxd5 Nf8 26. b6 Rc8 27. Qd2 f4 28. Be4 fxe3 29.
fxe3 Qd6 30. Na5 Bh6 31. Nc4 Qc5 32. Ra5 Qe7 33. d6 Qd8 34. O-O Be6 35. Qb4 Nxe3
36. Nxe3 Bxe3+ 37. Kh1 Bd4 38. Bd5 Bxd5+ 39. Rxd5 Qd7 40. Rxd4 Qh3+ 41. Kg1
Qxg3+ 42. Kh1 exd4 43. Qxd4 Qh3+ 44. Kg1 Qg4+ 45. Qxg4 hxg4 46. Rf4 Rd8 47. Rd4
Kf7 48. Kg2 Ne6 49. Rxg4 Rxd6 50. Rb4 Rxd3 51. Kf2 Kf6 52. Rb5 Rh3 53. Rb4 Rc3
54. Ke2 Kf5 55. Kd2 Rc6 56. Kd3 Nc5+ 57. Kd4 Nd7 58. Rb5+ 0-1

[Event "World Rapid 2021"]
[Site "Warsaw POL"]
[Date "2021.12.27"]
[Round "8.51"]
[White "Tari, Aryan"]
[Black "Kosakowski, Jakub"]
[Result "1/2-1/2"]
[WhiteTitle "GM"]
[BlackTitle "IM"]
[WhiteElo "2653"]
[BlackElo "2437"]
[WhiteFideId "1510045"]
[BlackFideId "1185080"]
[EventDate "2021.12.26"]

1. e4 c5 2. Nc3 Nc6 3. f4 e6 4. Nf3 a6 5. g3 d5 6. Bg2 dxe4 7. Nxe4 Be7 8. d3
Nf6 9. O-O Qc7 10. Qe1 O-O 11. Nfg5 Nd5 12. c3 h6 13. Nf3 Bd7 14. Qf2 b6 15. a3
Rad8 16. Ned2 Bc8 17. Nc4 Bb7 18. Qe2 b5 19. Nce5 Na5 20. Bd2 Nb3 21. Rae1 Nxd2
22. Nxd2 b4 23. Rc1 bxc3 24. bxc3 Rfe8 25. Ndc4 Bf8 26. Be4 Rb8 27. g4 f6 28.
Ng6 Bd6 29. Qf3 Ba8 30. Rc2 Rbd8 31. f5 Qf7 32. h4 Bc7 33. fxe6 Rxe6 34. Qf5
Rxe4 35. dxe4 Ne7 36. Nxe7+ Qxe7 37. e5 Bd5 38. Ne3 Bxe5 39. Nxd5 Rxd5 40. Qf3
Qd7 41. Rb2 Rd3 42. Qa8+ Kh7 43. Qe4+ Kg8 44. Rf3 Rd1+ 45. Kg2 Rd2+ 46. Rf2 Rd3
47. Rf3 Rd2+ 48. Rxd2 Qxd2+ 49. Kg1 Qc1+ 50. Kf2 Qb2+ 51. Qe2 Qxa3 52. g5 Qa4
53. c4 hxg5 54. hxg5 Qd7 55. Qd3 Bd4+ 56. Kf1 fxg5 57. Qe4 Qc8 58. Qd5+ Kh7 59.
Qxg5 Qe6 60. Qh5+ Kg8 61. Qd5 Qxd5 62. cxd5 Bf6 63. Ra3 c4 64. Rxa6 Kf7 65. Ke2
c3 66. Rc6 Ke7 67. Kf3 Kd7 68. Ke4 Ke7 69. Kd3 Kd7 70. Kc4 Be5 71. Kc5 g5 72. d6
c2 73. Kd5 c1=Q 74. Rxc1 Bxd6 75. Rc6 Bf4 76. Re6 Kc7 77. Rg6 Kb7 78. Kc5 Be3+
79. Kc4 Kc7 80. Kd3 Bf4 81. Kd4 Kb7 82. Kc5 Be3+ 83. Kd6 Kb6 84. Re6 Bf4+ 85.
Kd5+ Kb5 86. Re4 Kb6 87. Rb4+ Kc7 88. Rb1 Be3 89. Re1 Bf4 90. Kc5 Kd7 91. Re4
Bd6+ 92. Kd5 Bf4 93. Rc4 Ke7 94. Rc6 Kf7 1/2-1/2

[Event "World Rapid 2021"]
[Site "Warsaw POL"]
[Date "2021.12.27"]
[Round "8.53"]
[White "Janik, Igor"]
[Black "Kovalev, Vladislav"]
[Result "1/2-1/2"]
[WhiteTitle "IM"]
[BlackTitle "GM"]
[WhiteElo "2525"]
[BlackElo "2623"]
[WhiteFideId "1159259"]
[BlackFideId "13504398"]
[EventDate "2021.12.26"]

1. d4 Nf6 2. c4 e6 3. Nf3 Bb4+ 4. Nbd2 O-O 5. g3 d5 6. Bg2 dxc4 7. Qc2 c5 8.
dxc5 c3 9. bxc3 Bxc5 10. Nb3 Bd6 11. O-O Qe7 12. c4 Nc6 13. c5 Bc7 14. Rd1 e5
15. Bb2 h6 16. Nfd2 Rd8 17. Nc4 Be6 18. Ba3 Ne8 19. e4 Rxd1+ 20. Rxd1 Rd8 21.
Ne3 Rxd1+ 22. Qxd1 Qd7 23. Nd5 Bd8 24. Nd2 b5 25. cxb6 Bxb6 26. Qa4 Kh7 27. Nc4
Bd4 28. Qb5 Nf6 29. Bb2 Bxb2 30. Nxb2 Nd4 31. Qxd7 Nxd7 32. Nd3 f6 33. f4 Kg8
34. Kf2 exf4 35. N3xf4 Bf7 36. Ke3 Nc6 37. Nd3 Kf8 38. a3 Ke8 39. h4 Nb6 40. Nc5
Nc4+ 41. Kd3 Nxa3 42. Bh3 Ne5+ 43. Kc3 Nb5+ 44. Kb4 Nd6 45. Nc7+ Ke7 46. Nd5+
Kf8 47. Nc7 h5 48. Be6 Nc6+ 49. Kc3 Bxe6 50. N7xe6+ Kf7 51. Nf4 g6 52. Nd5 Ne7
53. Kd4 Nxd5 54. Kxd5 Ke7 55. e5 fxe5 56. Kxe5 Nf5 57. Kf4 Kf6 58. g4 Nxh4 59.
Ne4+ Ke6 60. gxh5 gxh5 61. Kg5 Ke5 62. Nc5 Kd5 63. Na6 Nf3+ 64. Kxh5 Ne5 65. Kg5
Nd3 66. Kf5 Nc5 67. Nb4+ Kd6 68. Kf4 a5 69. Nc2 Kd5 70. Ke3 Kc4 71. Kd2 Nb3+ 72.
Kd1 Kc3 73. Ne3 a4 74. Nd5+ 1/2-1/2

[Event "World Rapid 2021"]
[Site "Warsaw POL"]
[Date "2021.12.27"]
[Round "8.78"]
[White "Dragnev, Valentin"]
[Black "Lima, Darcy"]
[Result "1/2-1/2"]
[WhiteTitle "GM"]
[BlackTitle "GM"]
[WhiteElo "2535"]
[BlackElo "2507"]
[WhiteFideId "1634852"]
[BlackFideId "2100045"]
[EventDate "2021.12.26"]

1. e4 e5 2. Nf3 Nc6 3. Bb5 Bc5 4. c3 Nf6 5. d4 Bb6 6. O-O O-O 7. dxe5 Nxe4 8.
Qd5 Nc5 9. Be3 Ne7 10. Qd1 Ne4 11. Bxb6 axb6 12. Nbd2 d5 13. Bd3 Bf5 14. Qc2
Nxd2 15. Nxd2 Qd7 16. a3 c5 17. Rad1 Rfd8 18. Rfe1 h6 19. Nf1 Qe6 20. h3 d4 21.
c4 Bxd3 22. Rxd3 Ng6 23. Nh2 Nxe5 24. Qb3 Qf6 25. Rd2 h5 26. Rde2 d3 27. Re4 d2
28. Rd1 Rd3 29. Qb5 Rad8 30. Nf1 Ng6 31. Ne3 Nf4 32. Re8+ Kh7 33. Rxd8 Qxd8 34.
Qa4 g6 35. Qc2 Qg5 36. h4 Qxh4 37. Rxd2 Rd4 38. g3 Qg5 39. Kf1 Ne6 40. Rxd4 cxd4
41. Nd5 b5 42. b3 bxc4 43. bxc4 h4 44. Kg2 Kg7 45. Qe4 hxg3 46. fxg3 Kf8 47. Qe2
b5 48. Qb2 bxc4 49. Qb4+ Kg7 50. Qxc4 Qd2+ 51. Kf1 d3 52. Qc3+ Qxc3 53. Nxc3 Nc5
54. Kf2 Kf6 55. a4 Ke5 56. Ke3 f5 57. a5 g5 58. a6 Nxa6 59. Kxd3 Nb4+ 60. Ke2
Kd4 61. Nb5+ Ke5 62. Kf3 Nc6 63. Nc3 Kd4 64. Nb5+ Kd3 65. Nd6 Nd4+ 66. Kf2 g4
67. Nf7 Ke4 68. Nd6+ Kd5 69. Nf7 Ke4 70. Nd6+ Kd5 71. Nf7 Nc2 72. Ke2 Ke6 73.
Nd8+ Kd5 74. Kd3 Nb4+ 75. Ke3 Ke5 76. Nf7+ Ke6 77. Nd8+ Ke7 78. Kf4 Kf6 79. Ke3
Nd5+ 80. Kf2 Nc3 81. Ke3 Nd5+ 82. Kf2 Ke5 83. Nf7+ Kf6 84. Nd8 Nc7 85. Ke3 Nd5+ 1/2-1/2

[Event "World Rapid 2021"]
[Site "Warsaw POL"]
[Date "2021.12.27"]
[Round "9.12"]
[White "Firouzja, Alireza"]
[Black "Shevchenko, Kirill"]
[Result "1-0"]
[WhiteTitle "GM"]
[BlackTitle "GM"]
[WhiteElo "2804"]
[BlackElo "2655"]
[WhiteFideId "12573981"]
[BlackFideId "14129574"]
[EventDate "2021.12.26"]

1. d4 Nf6 2. c4 g6 3. Nc3 Bg7 4. e4 d6 5. Nf3 O-O 6. Be2 e5 7. O-O Nc6 8. d5 Ne7
9. Ne1 Nd7 10. Nd3 f5 11. f3 Nf6 12. c5 c6 13. Qb3 Kh8 14. Be3 fxe4 15. fxe4
cxd5 16. cxd6 Nc6 17. exd5 Nd4 18. Bxd4 exd4 19. Nb5 Bg4 20. Bxg4 Nxg4 21. Rxf8+
Bxf8 22. Qb4 Qh4 23. h3 Ne3 24. Qe1 Qe4 25. Qe2 Rd8 26. Re1 Bxd6 27. Nxd4 Qxd4
28. Qxe3 Qxd5 29. Kh1 Rf8 30. a3 a6 31. Nf2 Bc5 32. Qh6 Qf5 33. Ng4 Bd6 34. Qc1
h5 35. Nh2 Bxh2 36. Qh6+ Kg8 37. Re7 Qf1+ 38. Kxh2 Qf4+ 39. Qxf4 Rxf4 40. Rxb7
a5 41. Kg3 Rd4 42. Ra7 Rd2 43. Rxa5 Rxb2 44. Ra7 Ra2 45. h4 Rc2 46. a4 Rc4 47.
a5 Rg4+ 48. Kh3 g5 49. hxg5 Rxg5 50. a6 Ra5 51. Kg3 Ra4 52. Kf3 Kf8 53. Ke3 Ke8
54. g3 Kd8 55. Ra8+ Kc7 56. a7 Ra3+ 57. Kf4 Ra4+ 58. Kg5 Ra5+ 59. Kh4 Kb6 60.
Rh8 Rxa7 61. Rxh5 Kc6 62. g4 Kd6 63. Rf5 Ke6 64. Kh5 Ra8 65. Rf1 Rh8+ 66. Kg5
Rg8+ 67. Kh4 Rh8+ 68. Kg3 Rg8 69. Rf5 Ra8 70. Kf4 Rb8 71. Kg3 Ra8 72. Rf4 Rg8
73. Kh4 Rh8+ 74. Kg5 Rg8+ 75. Kh5 Ke5 76. Rf5+ Ke6 77. Kh4 Rh8+ 78. Kg3 Ra8 79.
Rf4 Rg8 80. Kh4 Rh8+ 81. Kg5 Rg8+ 82. Kh6 Ke5 83. Ra4 Rh8+ 84. Kg7 Rh4 85. Ra5+
Ke6 86. g5 Rg4 87. g6 Rg2 88. Ra6+ Ke7 89. Kg8 Rh2 90. g7 Rh4 91. Ra1 Rg4 92.
Re1+ Kd6 93. Rh1 1-0

[Event "World Rapid 2021"]
[Site "Warsaw POL"]
[Date "2021.12.27"]
[Round "9.38"]
[White "Demchenko, Anton"]
[Black "Yuffa, Daniil"]
[Result "1-0"]
[WhiteTitle "GM"]
[BlackTitle "GM"]
[WhiteElo "2654"]
[BlackElo "2567"]
[WhiteFideId "4160258"]
[BlackFideId "24131423"]
[EventDate "2021.12.26"]

1. e4 c5 2. Nf3 d6 3. d4 cxd4 4. Qxd4 Nf6 5. Nc3 Nc6 6. Qe3 g6 7. h3 Bg7 8. Bc4
O-O 9. O-O a6 10. a4 Qc7 11. Qe2 e6 12. Rd1 Nd7 13. Bb3 Nc5 14. Bf4 Ne5 15. Nxe5
Bxe5 16. Bh6 Re8 17. f4 Bh8 18. Qd2 Rb8 19. Qxd6 Qxd6 20. Rxd6 Bxc3 21. bxc3
Nxe4 22. Rd4 Nxc3 23. Re1 b5 24. axb5 Nxb5 25. Rd3 Rb6 26. c4 Rd6 27. Red1 Rxd3
28. Rxd3 Na7 29. Ba4 Rf8 30. Kf2 a5 31. Ke3 f6 32. Bxf8 Kxf8 33. Rd8+ Ke7 34.
Rh8 Kd6 35. Rxh7 Nc6 36. Rg7 Ne7 37. c5+ 1-0

[Event "World Rapid 2021"]
[Site "Warsaw POL"]
[Date "2021.12.27"]
[Round "9.42"]
[White "Sychev, Klementy"]
[Black "Adly, Ahmed"]
[Result "0-1"]
[WhiteTitle "GM"]
[BlackTitle "GM"]
[WhiteElo "2550"]
[BlackElo "2596"]
[WhiteFideId "4114060"]
[BlackFideId "10601619"]
[EventDate "2021.12.26"]

1. e4 g6 2. d4 Bg7 3. Nc3 a6 4. Be3 b5 5. Nf3 Bb7 6. Bd3 d6 7. O-O e6 8. a4 b4
9. Ne2 Nf6 10. Ng3 O-O 11. a5 d5 12. e5 Nfd7 13. Bg5 Qe8 14. Qd2 c5 15. Bh6 Bh8
16. c3 Nc6 17. h4 f5 18. Bxf8 Qxf8 19. Bc2 Bg7 20. Ba4 Bh6 21. Qe1 Qe7 22. Ne2
Kh8 23. dxc5 Nxc5 24. Bxc6 Bxc6 25. Ned4 Bd7 26. cxb4 Ne4 27. b5 axb5 28. a6 g5
29. hxg5 Bxg5 30. Nxg5 Qxg5 31. f4 Qe7 32. Qe3 Bc8 33. Rfc1 Qg7 34. a7 Bb7 35.
Nxe6 Qg6 36. Nc7 Rg8 37. Rc2 Qh5 38. e6 h6 39. Qd4+ Kh7 40. a8=Q Bxa8 41. Rxa8
Qh4 42. Ra1 Ng3 0-1

[Event "World Rapid 2021"]
[Site "Warsaw POL"]
[Date "2021.12.27"]
[Round "9.45"]
[White "Theodorou, Nikolas"]
[Black "Costachi, Mihnea"]
[Result "1/2-1/2"]
[WhiteTitle "GM"]
[BlackTitle "IM"]
[WhiteElo "2577"]
[BlackElo "2463"]
[WhiteFideId "4262875"]
[BlackFideId "1217518"]
[EventDate "2021.12.26"]

1. d4 Nf6 2. c4 g6 3. Nc3 Bg7 4. e4 d6 5. f4 O-O 6. Nf3 c5 7. d5 b5 8. cxb5 a6
9. a4 axb5 10. Bxb5 Ba6 11. Rb1 e6 12. dxe6 fxe6 13. e5 dxe5 14. Qxd8 Rxd8 15.
Nxe5 Bxb5 16. axb5 Nd5 17. O-O Nd7 18. Nc6 Re8 19. Bd2 N7b6 20. Ne4 Nc4 21. Bc3
Ra2 22. Bxg7 Kxg7 23. Rf2 Nc7 24. Rc1 Nb6 25. Rxc5 Nd7 26. Nd6 Nxc5 27. b6 N5a6
28. bxc7 Nxc7 29. Nxe8+ Nxe8 30. Re2 Nc7 31. g3 Kf6 32. Ne5 g5 33. fxg5+ Kxg5
34. Rf2 Nd5 35. h4+ Kh6 36. g4 Ra1+ 37. Kh2 Re1 38. Nf7+ Kg6 39. h5+ Kg7 40. g5
Ne3 41. Nh6 Nf5 42. Nxf5+ exf5 43. Rc2 Re3 44. Rc7+ Kg8 45. b4 Rb3 46. Rb7 h6
47. g6 f4 48. b5 Kh8 49. b6 Kg8 50. Kg2 Kh8 51. Kf2 Kg8 52. Rb8+ Kg7 53. Rb7+
Kg8 54. Kg1 Rb2 55. Kf1 f3 56. Rb8+ Kg7 57. b7 Rb1+ 58. Kf2 Rb2+ 59. Kxf3 Rb3+
60. Ke4 Rb1 61. Kd3 Rb3+ 62. Kd4 Rb1 63. Ke3 Rb3+ 64. Kf2 Rb2+ 65. Kg3 Rb3+ 66.
Kf4 Rb1 67. Kf3 Rb3+ 68. Ke2 Rb2+ 69. Kd3 Rb1 70. Kc2 Rb5 71. Kc3 Rb1 72. Kc4
Rc1+ 73. Kd4 Rd1+ 74. Ke3 Rb1 75. Rc8 Rxb7 76. Kd4 Ra7 77. Rc5 Rb7 78. Ke5 Ra7
79. Rd5 Rb7 80. Kf5 Re7 81. Re5 Rxe5+ 82. Kxe5 Kg8 83. Kf6 Kf8 84. g7+ Kg8 85.
Kg6 1/2-1/2

[Event "World Rapid 2021"]
[Site "Warsaw POL"]
[Date "2021.12.27"]
[Round "9.57"]
[White "Dziuba, Marcin"]
[Black "Mamedov, Rauf"]
[Result "1-0"]
[WhiteTitle "GM"]
[BlackTitle "GM"]
[WhiteElo "2568"]
[BlackElo "2656"]
[WhiteFideId "1112953"]
[BlackFideId "13401653"]
[EventDate "2021.12.26"]

1. d4 Nf6 2. c4 g6 3. Nc3 Bg7 4. e4 d6 5. Nf3 O-O 6. Be2 Na6 7. O-O e5 8. Be3
Qe8 9. dxe5 dxe5 10. a3 Ng4 11. Bd2 Nc5 12. b4 Ne6 13. h3 Nf6 14. Nxe5 Nd4 15.
f4 Nxe4 16. Nxe4 f6 17. Nxf6+ Bxf6 18. Bc3 Nf5 19. Qd3 Be6 20. Ng4 Bh4 21. Bf3
Rd8 22. Qe4 h5 23. Ne5 Bf6 24. Qxb7 Nd4 25. Rae1 Nc2 26. Re2 Nd4 27. Bxd4 Rxd4
28. Qxc7 Rxf4 29. c5 Bg7 30. Nc6 Kh7 31. Qd6 R8f6 32. Nd8 Bd7 33. Rxe8 Rxd6 34.
cxd6 Bxe8 35. Ne6 Rf6 36. Bd5 Rxf1+ 37. Kxf1 Bh6 38. h4 Kh8 39. Nc5 Bb5+ 40. Kf2
Bf8 41. a4 Be8 42. d7 Bxc5+ 43. bxc5 Bxd7 44. c6 Bc8 45. Ke3 Kg7 46. a5 Kf6 47.
Kf4 Bf5 48. Bf3 Bc8 49. g4 Ke7 50. gxh5 gxh5 51. Bxh5 Kd6 52. Be8 1-0

[Event "World Rapid 2021"]
[Site "Warsaw POL"]
[Date "2021.12.28"]
[Round "10.12"]
[White "Santos Latasa, Jaime"]
[Black "Niemann, Hans Moke"]
[Result "0-1"]
[WhiteTitle "GM"]
[BlackTitle "GM"]
[WhiteElo "2639"]
[BlackElo "2645"]
[WhiteFideId "2293307"]
[BlackFideId "2093596"]
[EventDate "2021.12.26"]

1. e4 e5 2. Nf3 Nc6 3. Bc4 Nf6 4. d3 Bc5 5. O-O d6 6. c3 a5 7. Re1 Ba7 8. Nbd2
h6 9. Nf1 O-O 10. h3 Re8 11. Ng3 Be6 12. Bb5 Bd7 13. Ba4 Ne7 14. Bc2 a4 15. d4
Ng6 16. Be3 b5 17. Qd2 Be6 18. b3 Bb6 19. Nf5 d5 20. exd5 Nxd5 21. bxa4 Ba5 22.
Nxg7 Bxc3 23. Qc1 Kxg7 24. Bxh6+ Kg8 25. Bg5 Qd7 26. Nxe5 Nxe5 27. dxe5 f5 28.
exf6 Qf7 29. Re4 Nxf6 30. Bxf6 Qxf6 31. Rb1 Bf5 32. Rf4 Re1+ 33. Qxe1 Bxe1 34.
Rxe1 Qc3 35. Bb3+ Kh8 36. Re3 Qc1+ 37. Kh2 bxa4 38. Bd5 Rf8 39. Ref3 Qc2 40. g4
c6 41. Bc4 Kg7 42. gxf5 Kf6 43. Re3 Rd8 44. Re6+ Kg5 45. Kg3 Qc3+ 46. Re3 Qc1
47. Rg4+ Kf6 48. Kh2 Rd1 49. Bd3 Rh1+ 50. Kg3 Qg1+ 51. Kf4 Qxf2+ 52. Rf3 Qd2+
53. Re3 Qb4+ 54. Kg3 Qd6+ 55. Kh4 Qd8 56. Rg6+ Kf7+ 57. Kg3 Rg1+ 58. Kf2 Rxg6
59. fxg6+ Kg7 60. Rf3 Qd4+ 61. Kg2 c5 62. Rf7+ Kg8 63. Bf5 a3 64. Rd7 Qe5 65.
Bd3 Qe6 66. Rd8+ Kg7 67. h4 c4 68. Bf1 Qxg6+ 69. Kh2 Qc2+ 70. Kg3 Qxa2 71. Rd7+
Kf6 72. Rc7 Qb3+ 73. Kf4 Qb8 0-1

[Event "World Rapid 2021"]
[Site "Warsaw POL"]
[Date "2021.12.28"]
[Round "10.21"]
[White "Maghsoodloo, Parham"]
[Black "Shirov, Alexei"]
[Result "1/2-1/2"]
[WhiteTitle "GM"]
[BlackTitle "GM"]
[WhiteElo "2701"]
[BlackElo "2704"]
[WhiteFideId "12539929"]
[BlackFideId "2209390"]
[EventDate "2021.12.26"]

1. e4 e5 2. Nf3 Nc6 3. Bb5 a6 4. Ba4 Nf6 5. O-O b5 6. Bb3 Bc5 7. a4 Rb8 8. c3 d6
9. d4 Bb6 10. a5 Ba7 11. h3 Bb7 12. Re1 O-O 13. Be3 exd4 14. cxd4 Nb4 15. d5 c5
16. Nbd2 Re8 17. Bc2 Nxc2 18. Qxc2 Rc8 19. Bf4 c4 20. Be3 Bc5 21. Bxc5 Rxc5 22.
Qc3 Nd7 23. Nd4 g6 24. Re3 Qf6 25. N2f3 Ne5 26. Nxe5 Qxe5 27. Rd1 Rc7 28. Nc2
Rce7 29. Rde1 f5 30. exf5 Qxd5 31. f3 Rxe3 32. Nxe3 Qe5 33. fxg6 hxg6 34. Kf2
Kf7 35. Rd1 d5 36. Ng4 Qxc3 37. bxc3 Bc6 38. Ne3 Ke6 39. Nc2 Kd6 40. Nb4 Bb7 41.
Rd4 Re5 42. h4 Ke6 43. g4 Kf7 44. Rf4+ Kg7 45. g5 Re8 46. Rf6 d4 47. cxd4 c3 48.
Rb6 Re7 49. d5 Rc7 50. d6 c2 51. Nd3 Rf7 52. Nc1 Bxf3 53. Ke3 Bb7 54. Kd3 Bc8
55. Kxc2 Rf4 56. Nb3 Kf7 57. Kd2 Rxh4 58. Nc5 Rc4 59. Rc6 Bf5 60. Rc7+ Ke8 61.
Ke3 b4 62. Nxa6 Rxc7 63. Nxc7+ Kd7 64. a6 b3 65. Nb5 b2 66. Na3 Bh3 67. Kf3 Be6
68. Ke4 Kxd6 69. a7 Bd5+ 70. Kd4 Ke6 71. Kc3 Kf5 72. Kxb2 Kxg5 73. Kc3 Kf4 74.
Kd4 Bb7 1/2-1/2